000 004900000a22001810004500
020 _a0-87784-698-7
041 0 _aENG
082 0 4 _aG 305.9 D2521r
100 1 _aDavidson, Alex
245 1 0 _aThe returns of love : Letters of a christian homosexual / Alex Davidson
260 _aLondon, Great Britain : InterVarsity
300 _a93 Pag
001 9456
942 _cBK
999 _c39462
_d39462
336 _atexto
_btxt
_2rdacontent
337 _2rdamedia
_asin mediación
_bn
338 _2rdacarrier
_avolumen
_bnc